Food preservation : series 2 = Conservation des aliments : série 2.

Bibliographic Details
Corporate Author: Food and Agriculture Organization of the United Nations
Format: Microform Book
Language:English
French
Spanish
Published: [Rome] : [Food and Agriculture Organization of the United Nations], [between 1970 and 1979]
Series:Rural home techniques ; v. 5.
AT microfiche reference library ; 07-268.
Subjects:

MARC

Tag First Indicator Second Indicator Subfields
LEADER 00000cam a2200000 a 4500
001 in00001316621
005 20151005070715.0
007 he bm||||b|c|
008 820715q19701979it a b i000 0 eng
010 |a  81177723  
015 |a It*** 
020 |a 9250004036 
035 |a (OCoLC)08670310 
035 |9 AHC1927AM 
040 |a DLC  |c DLC  |d TXA  |d UtOrBLW 
041 0 |a eng  |a fre  |a spa 
049 |a TXAI 
050 0 0 |a TX601  |b .F656 
082 0 0 |a 664/.028  |2 19 
099 |a fiche C  |a 9269  |a no.7-268 
245 0 0 |a Food preservation :  |b series 2 = Conservation des aliments : série 2. 
246 3 1 |a Conservation des aliments  
264 1 |a [Rome] :  |b [Food and Agriculture Organization of the United Nations],  |c [between 1970 and 1979] 
300 |a 1 portfolio :  |b illustrations ;  |c 28 cm. 
336 |a text  |b txt  |2 rdacontent 
337 |a microform  |b h  |2 rdamedia 
338 |a microfiche  |b he  |2 rdacarrier 
490 1 |a Rural home techniques ;  |v v. 5 =  |a Techniques familiales rurales ;  |v v. 5 
500 |a English, French, and Spanish. 
533 |a Microfiche.  |b Stanford  |c Appropriate Technology Project,  |d 1986.  |e 1 microfiche : negative ; 11 x 15 cm.  |f (AT Microfiche Reference Library). 
500 |a Microform. 
650 0 |a Food  |x Preservation. 
650 0 |a Vegetables  |x Preservation. 
710 2 |a Food and Agriculture Organization of the United Nations. 
740 0 |a Conservation des aliments. 
830 0 |a Rural home techniques ;  |v v. 5. 
830 0 |a AT microfiche reference library ;  |v 07-268. 
999 |a MARS 
999 f f |s adca392a-32d9-3888-9bca-830a39ec4bad  |i e90d9168-63db-3b6f-91be-176074919653  |t 0 
952 f f |p normal  |a Texas A&M University  |b College Station  |c Sterling C. Evans Library  |d Evans: Microforms (3rd floor)  |t 0  |e fiche C 9269 no.7-268  |h Other scheme  |i microform -- microfiche  |m A14822716658 
998 f f |a fiche C 9269 no.7-268  |t 0  |l Evans: Microforms (3rd floor)